00323pam a2200145a 44500008004100000020000900041041001200050082000900062100001600071245003500087250000600122260003200128300000800160650000900168230515b1986 xxu||||| |||| 00| 0 eng d aNULL aENGLISH aN.D. aBailey J E. aBiochemical Engg. Fundamentals a0 aNULLbMcgraw Hill Pubc1986 a984 aNULL